100 cases in obstetrics and gynaecology / (Record no. 8447)

MARC details
000 -LEADER
fixed length control field 00879cam a2200217 a 4500
020 ## - INTERNATIONAL STANDARD BOOK NUMBER
ISBN 9780340947449
020 ## - INTERNATIONAL STANDARD BOOK NUMBER
ISBN 0340947446
050 00 - CALL NUMBER
Classification number RG106
Item number .B63 BOT
100 1# - AUTHOR
Personal name Bottomley, Cecilia.
245 10 - TITLE
Title 100 cases in obstetrics and gynaecology /
Statement of responsibility, etc Cecilia Bottomley, Janice Rymer.
250 ## - EDITION
Edition statement second edition
260 ## - PUBLICATION INFORMATION
Place of publication New York, USA
Name of publisher CRS Press, Taylor & Francis Group
Year of publication 2015
300 ## - DESCRIPTION
Number of Pages xii, 265 pages, 4 unnumbered pages of plates :
Other physical details illustrations (some color) ;
Dimensions 25 cm.
500 ## - NOTES
General note Includes index.
505 ## - FORMATTED CONTENTS NOTE
Table of Content Section 1: General gynaecology<br/>Section 2: Emergency gynaecology<br/>Section 3: Early pregnancy<br/>Section 4: General obstetrics<br/>Section 5: Peripartum care and obstetrics emergencies<br/>Section 6: Family planning and sexual health
650 #0 - SUBJECTS
Topical Term Gynecology
650 #0 - SUBJECTS
Topical Term Obstetrics
700 1# - OTHER AUTHORS
Personal name Rymer, Janice.
942 ## - ADDED ENTRY ELEMENTS (KOHA)
Koha item type Books

No items available.

Copyright © 2026  MUG Library